In Vitro Experimental Pharmacology (Record no. 10414)
[ view plain ]
| 000 -LEADER | |
|---|---|
| fixed length control field | 00484nam a22001697a 4500 |
| 003 - CONTROL NUMBER IDENTIFIER | |
| control field | OSt |
| 008 - FIXED-LENGTH DATA ELEMENTS--GENERAL INFORMATION | |
| fixed length control field | 210205b ||||| |||| 00| 0 eng d |
| 020 ## - INTERNATIONAL STANDARD BOOK NUMBER | |
| International Standard Book Number | 9789388178938 |
| 082 ## - DEWEY DECIMAL CLASSIFICATION NUMBER | |
| Classification number | 615.1 PAE |
| 100 ## - MAIN ENTRY--PERSONAL NAME | |
| Personal name | Patil,Asmita Gajbhiye, Patil,Shailendra, Mishra, Shweta and Das Debashree |
| 245 ## - TITLE STATEMENT | |
| Title | In Vitro Experimental Pharmacology |
| 250 ## - EDITION STATEMENT | |
| Edition statement | 1st |
| 260 ## - PUBLICATION, DISTRIBUTION, ETC. (IMPRINT) | |
| Place of publication, distribution, etc | New Delhi |
| Name of publisher, distributor, etc | CBS Publishers and distributors pvt |
| Date of publication, distribution, etc | 2019 |
| 300 ## - PHYSICAL DESCRIPTION | |
| Extent | 188 |
| 650 ## - SUBJECT ADDED ENTRY--TOPICAL TERM | |
| Topical term or geographic name as entry element | Pharmacology |
| 942 ## - ADDED ENTRY ELEMENTS (KOHA) | |
| Source of classification or shelving scheme | Dewey Decimal Classification |
| Koha item type | Text Books |
| Withdrawn status | Lost status | Source of classification or shelving scheme | Damaged status | Not for loan | Collection code | Home library | Current library | Date acquired | Source of acquisition | Currency | Cost, normal purchase price | Bill Number | Total Checkouts | Full call number | Acc. no. / Barcode | Date last seen | Actual Cost, discounted price | Bill Date | Koha item type | Date last borrowed |
|---|---|---|---|---|---|---|---|---|---|---|---|---|---|---|---|---|---|---|---|---|
| Dewey Decimal Classification | B.Pharma | PIET C-LIBRARY | PIET C-LIBRARY | 02/02/2021 | Kirti Praskshan | IN Rupees | 370.00 | IN1456 | 615.1 PAE | BP1545 | 05/02/2021 | 238.65 | 02/02/2021 | Reference Books | ||||||
| Dewey Decimal Classification | B.Pharma | PIET C-LIBRARY | PIET C-LIBRARY | 02/02/2021 | Kirti Praskshan | IN Rupees | 370.00 | IN1456 | 615.1 PAE | BP1546 | 05/02/2021 | 238.65 | 02/02/2021 | Text Books | ||||||
| Dewey Decimal Classification | B.Pharma | PIET C-LIBRARY | PIET C-LIBRARY | 02/02/2021 | Kirti Praskshan | IN Rupees | 370.00 | IN1456 | 1 | 615.1 PAE | BP1547 | 20/09/2023 | 238.65 | 02/02/2021 | Text Books | 26/08/2023 |